XIII Seminario Regional de Política Fiscal : (Registro nro. 12780)

Detalles MARC
000 -LEADER
fixed length control field 00961nam a2200241Ia 4500
003 - CONTROL NUMBER IDENTIFIER
control field OSt
005 - DATE AND TIME OF LATEST TRANSACTION
control field 20211123141400.0
008 - FIXED-LENGTH DATA ELEMENTS--GENERAL INFORMATION
fixed length control field 210310s9999 xx 000 0 und d
020 ## - INTERNATIONAL STANDARD BOOK NUMBER
International Standard Book Number #N/A
040 ## - CATALOGING SOURCE
Original cataloging agency CO-JCMR
Transcribing agency CO-JCMR
041 1# - LANGUAGE CODE
Language code of text/sound track or separate title spa
Language code of original eng
082 04 - DEWEY DECIMAL CLASSIFICATION NUMBER
Classification number 336.3006 /
Item number S471s
Edition number 23
111 ## - MAIN ENTRY--MEETING NAME
Meeting name or jurisdiction name as entry element Seminario Regional de Política Fiscal
Date of meeting or treaty signing (2001 :
Location of meeting Santiago de Chile)
9 (RLIN) 41660
245 #0 - TITLE STATEMENT
Title XIII Seminario Regional de Política Fiscal :
Remainder of title compendio de documentos /
260 ## - PUBLICATION, DISTRIBUTION, ETC.
Place of publication, distribution, etc. Chile :
Name of publisher, distributor, etc. Comisión Económica para América Latina,
Date of publication, distribution, etc. 2001
300 ## - PHYSICAL DESCRIPTION
Extent 442 páginas :
Other physical details ilustraciones y gráficas en blanco y negro ;
Dimensions 28 cm.
501 ## - WITH NOTE
With note Con : notas a pie de página.
504 ## - BIBLIOGRAPHY, ETC. NOTE
Bibliography, etc. note Bibliografía : páginas 542.
546 0# - LANGUAGE NOTE
Language note Texto bilingüe : Español-Inglés.
650 14 - SUBJECT ADDED ENTRY--TOPICAL TERM
Topical term or geographic name entry element Política fiscal
Form subdivision Congresos, conferencias
Geographic subdivision América Latina
9 (RLIN) 41661
650 24 - SUBJECT ADDED ENTRY--TOPICAL TERM
Topical term or geographic name entry element Política fiscal
Form subdivision Congresos, conferencias
Geographic subdivision Caribe (Región, Colombia)
9 (RLIN) 41662
942 ## - ADDED ENTRY ELEMENTS (KOHA)
Source of classification or shelving scheme Dewey Decimal Classification
Koha item type Books
Existencias
Withdrawn status Lost status Source of classification or shelving scheme Damaged status Not for loan Home library Current library Shelving location Date acquired Source of acquisition Full call number Barcode Date last seen Copy number Price effective from Koha item type
    Dewey Decimal Classification     Biblioteca Pública José María del Castillo y Rada Biblioteca Pública José María del Castillo y Rada General Stacks 04/15/2018 Donación 336.3006 / S471s 430003505 05/16/2024 Ej.1 03/10/2021 Books